[Event "British Rapidplay"]
[Site "Peterborough"]
[Date "2025.03.02"]
[Round "10"]
[White "May, David C"]
[Black "Mehrafarin, Amirabbas"]
[Result "0-1"]
[WhiteElo "1670"]
[BlackElo "1814"]
[PlyCount "92"]
[EventDate "2025.03.01"]
[EventType "swiss (rapid)"]
[EventRounds "11"]
[EventCountry "ENG"]
[SourceTitle "CB10_2025"]
[SourceDate "2025.03.05"]
[SourceVersion "1"]
[SourceVersionDate "2025.03.05"]
[SourceQuality "1"]

1. d4 Nf6 2. Bf4 e6 3. e3 d5 4. Nf3 Bd6 5. Bg3 Ne4 6. Nbd2 Nxg3 7. hxg3 h6 8. Bd3 b6 9. c3 Nd7 10. Qc2 Bb7 11. e4 dxe4 12. Nxe4 Be7 13. g4 Nf6 14. g5 Nxe4 15. Bxe4 Bxe4 16. Qxe4 Qd5 17. Qxd5 exd5 18. gxh6 Rxh6 19. Rxh6 gxh6 20. 0-0-0 0-0-0 21. Re1 Bg5+ 22. Nxg5 hxg5 23. Re5 f6 24. Rf5 Rd6 25. Kd2 Kd7 26. g4 c6 27. a4 Re6 28. f4 gxf4 29. Rxf4 Ke7 30. Rf5 a5 31. g5 Kf7 32. Rxf6+ Rxf6 33. gxf6 Kxf6 34. b4 Kf5 35. bxa5 bxa5 36. Kd3 Kf4 37. c4 Kf3 38. cxd5 cxd5 39. Kc2 Ke3 40. Kc3 Ke4 41. Kd2 Kxd4 42. Kc2 Kc4 43. Kd2 Kb4 44. Kd3 Kxa4 45. Kd4 Kb3 46. Kxd5 a4 0-1

[Event "British Rapidplay"]
[Site "Peterborough"]
[Date "2025.03.01"]
[Round "3"]
[White "Keerthi Kumar, Advait"]
[Black "May, David C"]
[Result "1-0"]
[WhiteElo "1823"]
[BlackElo "1670"]
[PlyCount "63"]
[EventDate "2025.03.01"]
[EventType "swiss (rapid)"]
[EventRounds "11"]
[EventCountry "ENG"]
[SourceTitle "CB10_2025"]
[SourceDate "2025.03.05"]
[SourceVersion "1"]
[SourceVersionDate "2025.03.05"]
[SourceQuality "1"]

1. e4 d6 2. d4 Nf6 3. Nc3 Nbd7 4. Nf3 e5 5. dxe5 dxe5 6. Bc4 h6 7. 0-0 Be7 8. a3 c6 9. Re1 Qc7 10. Ba2 Nf8 11. b4 g5 12. Bb2 Ng6 13. b5 Bd7 14. bxc6 Bxc6 15. Nd5 Qd6 16. c4 Nf4 17. Bxe5 Qxa3 18. Nxf6+ Bxf6 19. Bxf6 0-0 20. c5 Nd3 21. Bxf7+ Rxf7 22. Rxa3 Nxe1 23. Qxe1 Rxf6 24. e5 Re6 25. Nd4 Re7 26. Nxc6 bxc6 27. h3 Rae8 28. Qe4 Rxe5 29. Qg6+ Kh8 30. Rxa7 R5e7 31. Qf6+ Kg8 32. Rxe7 1-0